=LDR 00000nam 2200000 4500 =001 NUTBA000000000004847 =005 20200209051053 =035 ##$$a 0010-101400000000077 =008 200209################g##########0#ind## =020 ##$$a 978-979-29-0551-9 =040 ##$$a NBPDMAT =090 ##$$a 153.8 $b Eka b =100 ##$$a Eka Dharma Pranoto =245 1#$$a Berani berhutang, berani sukses : $b Panduan manajemen hutang /$c Oleh, Eka Dharma Pranoto; editor, Theresia Ari Prabawati =260 ##$$a Yogyakarta :$b Andi,$c 2008 =300 ##$$a xii, 186 hlm. : $b ilus. ; $c 16 x 23 cm =650 #4$$a Motivation =700 #$$a Theresia Ari Prabawati =850 ##$$a NBPDMAT =082 ##$$a 153.8 =084 ##$$a 153.8 EKA b =250 ##$$a Ed.I =500 ##$$a Biografi : hlm. 185 =990 ##$$a 21412907 =990 ##$$a 21412908 =990 ##$$a 21412909 =990 ##$$a 21412910 =990 ##$$a 21412911 =990 ##$$a 21412907 =990 ##$$a 21412908 =990 ##$$a 21412909 =990 ##$$a 21412910 =990 ##$$a 21412911 =990 ##$$a 21412908 =990 ##$$a 21412907 =990 ##$$a 21412909 =990 ##$$a 21412910 =990 ##$$a 21412911 =990 ##$$a 21412911 =990 ##$$a 21412907 =990 ##$$a 21412908 =990 ##$$a 21412909 =990 ##$$a 21412910 =990 ##$$a 21412909 =990 ##$$a 21412907 =990 ##$$a 21412908 =990 ##$$a 21412910 =990 ##$$a 21412911 =990 ##$$a 21412910 =990 ##$$a 21412907 =990 ##$$a 21412908 =990 ##$$a 21412909 =990 ##$$a 21412911 =990 ##$$a 21412907 =990 ##$$a 21412908 =990 ##$$a 21412909 =990 ##$$a 21412910 =990 ##$$a 21412911 =990 ##$$a 21412907 =990 ##$$a 21412908 =990 ##$$a 21412909 =990 ##$$a 21412910 =990 ##$$a 21412911